| 000 | 01143nam a2200241Ia 4500 | ||
|---|---|---|---|
| 001 | 15687 | ||
| 003 | GE_BSU | ||
| 008 | 181216s||||||||xx |||||||||||||| ||und|| | ||
| 040 | _cGE_BSU | ||
| 080 | _a821.353.1-32 | ||
| 100 | _aჩაჩიბაია, ა. | ||
| 245 | _aსიმღერის მასწავლებელი | ||
| 245 | _bმოთხრობები | ||
| 245 | _cრედ.ნ.ხომერიკი. მხატვ.მ.ბელიაშვილი | ||
| 260 | _aთბილისი | ||
| 260 | _bსაბჭ. მწერალი | ||
| 260 | _c1959 | ||
| 300 | _a351გვ. ; 18სმ | ||
| 653 | _aმოთხრობები | ||
| 653 | _aსიმღერის მასწავლებელი | ||
| 653 | _aსიმღერის მასწავლებელი; ციცო; ირმა; ქალიშვილი თეთრ ხალათში; გაუცინარი პაპა; ორი მტრედი; შვილი; ქარტეხილში; ლესია; ყოველ ხის ძირას; ღვარძლი | ||
| 942 | _cBK | ||
| 999 |
_c48785 _d48785 |
||